Podmienky efektívnej realizácie vedeckotechnického rozvoja : 1.celoštátny seminár
Enregistré dans:
| Format: | Livre |
|---|---|
| Langue: | slovaque |
| Publié: |
Bratislava :
Dom techniky ČSVTS,
1988
|
| Édition: | 1.vyd. |
| Sujets: | |
| Tags: |
Pas de tags, Soyez le premier à ajouter un tag!
|
MARC
| LEADER | 00000nam a22000003a 4500 | ||
|---|---|---|---|
| 001 | stu40586 | ||
| 005 | 20150408180612.3 | ||
| 008 | 930514s1988----cs------------------slo-d | ||
| 040 | |a STU |b slo | ||
| 041 | 0 | |a slo | |
| 044 | |a cs | ||
| 080 | |a 330.341.1(082) | ||
| 245 | |a Podmienky efektívnej realizácie vedeckotechnického rozvoja : |b 1.celoštátny seminár | ||
| 250 | |a 1.vyd. | ||
| 260 | |a Bratislava : |b Dom techniky ČSVTS, |c 1988 | ||
| 300 | |a 187 s | ||
| 650 | 7 | |a VTR |2 stusub | |
| 650 | 7 | |a zborníky |2 stusub | |
| 996 | |b M 10681 |c M*2298-1 |l MMKN |s A |a 24 |w stu40586_0001 | ||